| 000 | 00966cam a22003137a 4500 | ||
|---|---|---|---|
| 003 | CHAP | ||
| 005 | 20220329134810.0 | ||
| 008 | 971013s1980 r 00010 d | ||
| 010 | _a26140 | ||
| 011 | _a27112 | ||
| 035 | _a31213 | ||
| 040 | _cCHAP | ||
| 082 |
_a575.1 _bB8 1980 |
||
| 100 | 0 | 0 |
_aBurns, George W. _916246 |
| 245 | 1 | 4 | _aThe science of genetics ; an introctuion to heredity |
| 250 | _a4 ed. | ||
| 260 |
_aLondon : _bMacMillan, _c1980 |
||
| 300 |
_a608 p. _b: ilus. |
||
| 590 |
_aBATCH-UPD _b10 _c20130110 _lUCH01 _h1816 |
||
| 590 |
_aBATCH-UPD _b10 _c20130410 _lUCH01 _h1150 |
||
| 590 |
_aBATCH-UPD _b10 _c20130914 _lUCH01 _h1534 |
||
| 590 |
_aCONVERSION _b10 _c20130109 _lUCH01 _h1315 |
||
| 650 | 1 | 4 |
_aGenética. _947469 |
| 650 | 1 | 4 |
_aHerencia. _953725 |
| 901 | _aBK | ||
| 942 | _cLIBRO | ||
| 949 |
_a575.1 B8 1980 _bBC _cLIBRO _d33724000479192 _eLIBRO _fc.2 _h49123 _i31213 _si |
||
| 949 |
_a575.1 B8 1980 _bBC _cLIBRO _d33724000479218 _eLIBRO _h13619 _i31213 _si |
||
| 999 |
_c26140 _d26140 |
||